000 00940nam a2200289 a 4500
001 000107675
003 CHAP
005 20220329143939.0
008 131010s2011 mx |r ||||||spa d
010 _a104137
011 _a105109
020 _a9789264125414
040 _cCHAP
082 0 4 _a338.8
_bOc19 2012
110 0 _aOrganización para la Cooperación y el Desarrollo Económicos. París
_983559
245 1 0 _aPerspectivas económicas de América Latina 2012 :
_btransformación del estado para el desarrollo /
_c/por Organización para la Cooperación y el Desarrollo Económicos.
260 _a[París] :
_bOCDE
_bCEPAL,
_cc2011.
300 _a176 p.
590 _aE11695DGD
_b10
_c20131010
_lUCH01
_h1001
650 1 4 _aCambio estructural.
_917784
650 1 4 _aComercio internacional.
_925641
650 1 4 _aGlobalización.
_948300
650 1 4 _aMacroeconomía.
_969550
901 _aBK
942 _cLIBRO
942 _n0
999 _c104137
_d104137